000 00900nam a2200277 4500
003 OSt
005 20260530115300.0
008 260421b2008 it a|||| |||| 00| 0 eng d
020 _a9788817036658
040 _aICI
_bspa
_cICI
050 _aHD30.23
_b.K76 2008
100 1 _aKrogerus, Mikael,
_d1976-
_931148
245 1 0 _aPiccolo manuale delle decisioni strategiche
_cMikael Krogerus, Roman Tschäppeller
250 _a1a edición
260 _aMilano
_bRizzoli
_c2008
300 _a175 páginas
_c16cm.
336 _atexto
_2rdacontent
337 _asin medio
_2rdamedia
338 _avolumen
_2rdacarrier
502 _aManual que presenta modelos y herramientas para la toma de decisiones estratégicas.
650 _aToma de decisiones.
650 _aPlanificación estratégica.
650 _aAdministración.
_914434
700 _aTschäppeller, Roman,
_d1978-
_931151
942 _2lcc
_cBK
999 _c12823
_d12823